[Event "Internet Section 06A g/8'+2\""]
[Site "Dos Hermanas"]
[Date "2004.03.06"]
[Round "1"]
[White "Grebnov, Vladimir"]
[Black "Ramirez, Vicente1111"]
[Result "1/2-1/2"]
[WhiteElo "1838"]
[BlackElo "1474"]
[PlyCount "112"]
[EventDate "2004.03.06"]
[EventType "swiss (blitz)"]
[EventRounds "9"]
[EventCountry "ESP"]
[SourceTitle "CBM 099 Extra"]
[Source "ChessBase"]
[SourceDate "2004.05.04"]
[SourceVersion "1"]
[SourceVersionDate "2004.05.04"]
[SourceQuality "1"]

1. e4 c5 2. Nc3 Nc6 3. Nge2 d6 4. h3 g6 5. g3 Bg7 6. Bg2 a6 7. a4 Bd7 8. 0-0 e6 9. d3 Nge7 10. Kh2 0-0 11. f4 f5 12. exf5 Nxf5 13. Ne4 Qe7 14. c3 Rac8 15. Bd2 d5 16. Nf2 Nd6 17. Rb1 b5 18. axb5 axb5 19. d4 c4 20. Ng1 Na5 21. Nf3 Nb3 22. Ne5 Bxe5 23. fxe5 Nf5 24. Ng4 Ra8 25. Bh6 Nxh6 26. Nxh6+ Kh8 27. Ng4 Rxf1 28. Qxf1 Nd2 29. Qc1 Nxb1 30. Qxb1 b4 31. Nf6 b3 32. Qc1 Rf8 33. Qg5 Kg7 34. Nh5+ Kf7 35. Nf6 Rh8 36. Qh6 Bc8 37. h4 Qf8 38. Qg5 h6 39. Qf4 Kg7 40. g4 Qe7 41. Bf3 Rf8 42. h5 Rxf6 43. exf6+ Qxf6 44. Qc7+ Qf7 45. Qxc8 Qxf3 46. Qd7+ Qf7 47. Qxf7+ Kxf7 48. Kg3 g5 49. Kf3 Kf6 50. Ke3 e5 51. dxe5+ Kxe5 52. Kf3 d4 53. cxd4+ Kxd4 54. Ke2 c3 55. Kd1 c2+ 56. Kc1 Ke3 1/2-1/2

[Event "Internet Section 06B g/8'+2\""]
[Site "Dos Hermanas"]
[Date "2004.03.06"]
[Round "4"]
[White "Martsenko, Vitaly"]
[Black "Grebnov, Vladimir"]
[Result "1/2-1/2"]
[WhiteElo "1548"]
[BlackElo "1857"]
[PlyCount "145"]
[EventDate "2004.03.06"]
[EventType "swiss (blitz)"]
[EventRounds "9"]
[EventCountry "ESP"]
[SourceTitle "CBM 099 Extra"]
[Source "ChessBase"]
[SourceDate "2004.05.04"]
[SourceVersion "1"]
[SourceVersionDate "2004.05.04"]
[SourceQuality "1"]

1. d4 d5 2. Nf3 Nf6 3. Bf4 e6 4. e3 c5 5. c4 Nc6 6. Nc3 b6 7. Be2 Bd6 8. Bg5 Be7 9. 0-0 h6 10. Bf4 0-0 11. h3 Bb7 12. Rc1 Rc8 13. cxd5 exd5 14. dxc5 bxc5 15. Qd2 Ne4 16. Nxe4 dxe4 17. Qxd8 Rfxd8 18. Ne5 Nxe5 19. Bxe5 Bd6 20. Bc3 Bb8 21. Rfd1 f5 22. Rd2 Rxd2 23. Bxd2 Bd5 24. a3 Bd6 25. Bc3 Bf7 26. Rd1 Bb8 27. Kf1 Bb3 28. Rd2 c4 29. Kg1 Rf8 30. Rd7 Rf7 31. Rd5 g6 32. Rc5 Rc7 33. Rd5 Rf7 34. Rc5 Rc7 35. Rd5 Rf7 36. Rc5 Rc7 37. Re5 Kf7 38. Rd5 Re7 39. Rc5 Rc7 40. Rd5 Rc6 41. Rd7+ Ke8 42. Rd5 Bd6 43. Rb5 a6 44. Rb7 Be7 45. Rb8+ Kd7 46. Rb7+ Rc7 47. Rxc7+ Kxc7 48. Bg7 h5 49. Bc3 Kc6 50. Kf1 Kb5 51. Kg1 Bc2 52. Kf1 Bd3 53. Ke1 Ka4 54. Kd1 Kb3 55. Kd2 Bxa3 56. bxa3 Kxa3 57. g3 Kb3 58. h4 Ka4 59. Kd1 Kb5 60. Kd2 a5 61. Kd1 a4 62. Kd2 a3 63. Kd1 Ka4 64. Ba1 a2 65. Kd2 Kb3 66. Bd1+ Ka3 67. Bc2 Bxc2 68. Kxc2 Kb4 69. Bc3+ Ka3 70. Bb2+ Kb4 71. Bc3+ Ka3 72. Bb2+ Kb4 73. Bc3+ 1/2-1/2